000 00691nam a2200205Ia 4500
001 16963
003 GE_BSU
008 181216s||||||||xx |||||||||||||| ||und||
040 _cGE_BSU
080 _a821.353.1-1 + 821.353.1-11
100 _aაბაშიძე, გრიგოლ (1914-1994)
245 _aერთტომეული : ლექსები და პოემები
245 _cრედ.გ.ხუხაშვილი
260 _aთბილისი
260 _bსახელგამი
260 _c1953
300 _a544გვ. : 1ფ. პორტრ. ; 21სმ
653 _aლექსები და პოემები
942 _cBK
999 _c50025
_d50025